| 000 | 00484 a2200181 4500 | ||
|---|---|---|---|
| 999 |
_c8742 _d8742 |
||
| 020 | _a9152006948 | ||
| 050 | _aT173.8SED 2003 | ||
| 100 | _aSedig, Kjell, | ||
| 245 |
_aSwedish innovations/ _cKjell Sedig |
||
| 264 |
_aStockholm, Sweden : _b Swedish Institute, _c2003. |
||
| 300 |
_a103 pages : _b ill. |
||
| 500 | _aincludes index. | ||
| 650 | _aInventions | ||
| 650 | _a Inventors. | ||
| 650 | _aTechnological innovations. | ||
| 651 | _aSweden. | ||
| 942 |
_2lcc _cBK _h173.8 _iSED _kT |
||